Newly Industrialized countries - Statistics

General Stats
  • This quiz has been taken 38 times
  • The average score is 9 of 10
Answer Stats
Population Country % Correct
1,420,062,022 China
100%
1,368,737,513 India
100%
212,392,717 Brazil
97%
132,328,035 Mexico
95%
108,106,310 Philippines
95%
269,536,482 Indonesia
92%
58,065,097 South Africa
89%
69,306,160 Thailand
89%
82,961,805 Turkey
81%
32,454,455 Malaysia
70%
No matching quizzes found
Score Distribution
Percent of People with Each Score
Percentile by Number Answered
Your Score History
You have not taken this quiz